Isra Medical Journal / (Record no. 532298)
[ view plain ]
| 000 -LEADER | |
|---|---|
| fixed length control field | 00358nam a22001337a 4500 |
| 022 ## - INTERNATIONAL STANDARD SERIAL NUMBER | |
| International Standard Serial Number | 2073-8285 E- 2413-9289 |
| 082 ## - DEWEY DECIMAL CLASSIFICATION NUMBER | |
| Classification number | 610 |
| 100 ## - MAIN ENTRY--PERSONAL NAME | |
| Personal name | Isra University Pakistan. |
| 245 ## - TITLE STATEMENT | |
| Title | Isra Medical Journal / |
| Statement of responsibility, etc | Isra University Pakistan. |
| 260 ## - PUBLICATION, DISTRIBUTION, ETC. (IMPRINT) | |
| Place of publication, distribution, etc | Hyderabad: |
| Name of publisher, distributor, etc | www.imj.com.pk |
| 300 ## - PHYSICAL DESCRIPTION | |
| Dimensions | 30cm. |
| 650 ## - SUBJECT ADDED ENTRY--TOPICAL TERM | |
| Topical term or geographic name as entry element | Medical - Journals. |
| 942 ## - ADDED ENTRY ELEMENTS (KOHA) | |
| Koha item type | Continuing Resources |
| Damaged status | Not for loan | Permanent Location | Current Location | Date acquired | Full call number | Barcode | Koha item type |
|---|---|---|---|---|---|---|---|
| Central Library (CL) | Central Library (CL) | 11/18/2019 | Vol-11, No-2 (Mar - Apr) 2019 | S-9039 | Continuing Resources | ||
| Central Library (CL) | Central Library (CL) | 03/11/2020 | Vol-11, No-4 (Jul - Aug) 2019 | S-93085 | Continuing Resources |
